[Event "DSOL 05 Liga Gr-B 1st"]
[Site "Playchess.com INT"]
[Date "2020.07.24"]
[Round "5.1"]
[White "Hoffmann, Wolfgang"]
[Black "Kahrmann, Joern"]
[Result "0-1"]
[WhiteElo "1876"]
[BlackElo "1762"]
[PlyCount "86"]
[EventDate "2020.06.22"]
[EventType "team-tourn (rapid)"]
[EventCountry "GER"]
[SourceTitle "EXT 2021"]
[Source "ChessBase"]
[SourceDate "2020.10.23"]
[SourceVersion "1"]
[SourceVersionDate "2020.10.23"]
[SourceQuality "1"]
[WhiteTeam "Erbendorf"]
[BlackTeam "Bad Salzdetfurth"]
[WhiteTeamCountry "GER"]
[BlackTeamCountry "GER"]

1. c4 Nf6 2. g3 g6 3. Bg2 Bg7 4. d3 0-0 5. Nc3 d6 6. Bg5 h6 7. Bd2 e5 8. h4 Nc6 9. Nd5 Be6 10. Nxf6+ Qxf6 11. Qc1 Kh7 12. h5 g5 13. Nf3 e4 14. Nxg5+ hxg5 15. Bxe4+ Bf5 16. Bxg5 Qe6 17. Bd5 Qe5 18. h6 Bh8 19. Kf1 Nd4 20. e4 Bg4 21. Rh4 Be2+ 22. Kg2 Bf3+ 23. Kh2 c6 24. Bf4 Qe7 25. c5 cxd5 26. Bxd6 Qe6 27. Qf4 Be2 28. exd5 Qxd5 29. Qe4+ Qxe4 30. Rxe4 Rfe8 31. Rf4 f5 32. Kg2 Rad8 33. Re1 Bf3+ 34. Kf1 Bg2+ 35. Kxg2 Rxe1 36. g4 Rg8 37. f3 Re2+ 38. Kh3 Rxb2 39. gxf5 Rf2 40. Re4 Rxf3+ 41. Kh2 Rxf5 42. Re7+ Kxh6 43. Rxb7 Rh5# 0-1

[Event "JBZM U16/18"]
[Site "Hildesheim"]
[Date "2001.10.10"]
[Round "3"]
[White "Kahrmann, Joern"]
[Black "Swift, Gideon Charles"]
[Result "1/2-1/2"]
[WhiteElo "930"]
[BlackElo "1187"]
[PlyCount "84"]
[EventDate "2001.10.??"]
[EventType "swiss"]
[EventRounds "7"]
[EventCountry "GER"]
[SourceTitle "EXT 2003"]
[Source "ChessBase"]
[SourceDate "2002.11.25"]
[SourceVersion "1"]
[SourceVersionDate "2002.11.25"]
[SourceQuality "1"]

1. e4 e6 2. d4 d5 3. e5 c5 4. Nf3 Nc6 5. Bb5 Bd7 6. Be3 cxd4 7. Nxd4 Nxe5 8. Bxd7+ Qxd7 9. 0-0 Nf6 10. Qe2 a6 11. Bg5 Qc7 12. Bxf6 gxf6 13. Nc3 Bc5 14. Qe3 Ng4 15. Qh3 Bxd4 16. Qxg4 Bxc3 17. bxc3 0-0-0 18. Qf3 f5 19. Rfe1 Qc6 20. Re3 Rde8 21. Qf4 Qc7 22. Qxc7+ Kxc7 23. h3 Rc8 24. g4 fxg4 25. hxg4 Rhg8 26. f3 Rg5 27. Kf2 h5 28. Kg3 hxg4 29. fxg4 Kb8 30. Kh4 Rg7 31. Rg1 Rc6 32. Rf3 d4 33. cxd4 Rxc2 34. a3 Kc8 35. g5 Rc7 36. Kh5 Rd7 37. Rgf1 Kd8 38. Kh6 Rg6+ 39. Kh5 Rg7 40. Kh6 Rg6+ 41. Kh5 Rg7 42. Kh6 Rg6+ 1/2-1/2

[Event "JBZM U16/18"]
[Site "Hildesheim"]
[Date "2001.10.09"]
[Round "1"]
[White "Kaiser, David"]
[Black "Kahrmann, Joern"]
[Result "0-1"]
[WhiteElo "1190"]
[BlackElo "930"]
[PlyCount "81"]
[EventDate "2001.10.??"]
[EventType "swiss"]
[EventRounds "7"]
[EventCountry "GER"]
[SourceTitle "EXT 2003"]
[Source "ChessBase"]
[SourceDate "2002.11.25"]
[SourceVersion "1"]
[SourceVersionDate "2002.11.25"]
[SourceQuality "1"]

1. e4 d5 2. exd5 Nf6 3. Nc3 Nxd5 4. Nxd5 Qxd5 5. Nf3 Nc6 6. d4 Bf5 7. Be3 Nb4 8. Bd3 Bxd3 9. cxd3 0-0-0 10. a3 Nc6 11. Qc2 e5 12. Rc1 Bd6 13. Qc3 Kb8 14. 0-0 h6 15. Qc4 Qxc4 16. dxc4 exd4 17. Bxd4 Nxd4 18. Nxd4 Be5 19. Nb5 Bxb2 20. Rc2 Be5 21. Re2 f6 22. f4 Bd6 23. Rfe1 Bxf4 24. Re7 g5 25. Rf7 Be5 26. Re7 a6 27. Nxc7 Bxc7 28. Rf7 Rhf8 29. Rh7 Rd3 30. Ree7 Rc8 31. Rxh6 Rxa3 32. Rhh7 a5 33. Re6 Rd8 34. Ree7 Ra1+ 35. Kf2 Rc8 36. Rhf7 Rc1 37. Rxf6 Rxc4 38. Rff7 a4 39. Rf3 Rc2+ 40. Kf1 Bd6 41. Rd3 0-1